| 000 | 01167 a2200205 4500 | ||
|---|---|---|---|
| 003 | Nust | ||
| 005 | 20230102130109.0 | ||
| 010 | _a 89030537 | ||
| 020 | _a0133136515 | ||
| 040 | _cNust | ||
| 082 | 0 | 0 | _a629.83,VEG |
| 100 | 2 |
_aVande Vegte, J. _9106615 |
|
| 245 | 1 | 0 |
_aFeedback control systems / _cJohn van de Vegte. |
| 250 | _a3rd ed. | ||
| 260 |
_aEnglewood Cliffs, N.J. : _bPrentice-Hall, _cc1994. |
||
| 300 |
_axiv, 451 p. : _bill. ; _c25 cm. |
||
| 505 | _aIntroduction and Linearized Dynamic Models (Page-1), Transfer Function Models of Physical Systems (Page-30), Modeling of Feedback Systems and Controllers (Page-60), The Performance of Feedback Systems (Page-97), Introduction to Feedback System Design (Page-125), The Root Locus Method (Page-157), Frequency Response Analysis (Page-195), Frequency Response Design (Page-222), Digital Control Systems (Page-264), Digital Control System Analysis and Design (Page-289), State Space Analysis (Page-321), Introduction to Stat Space Design (Page-351), Multivariable systems in the Frequency Domain (Page-385), Nonlinear Control Systems (Page-399). | ||
| 650 | 0 | _aFeedback control systems. | |
| 942 |
_2ddc _cBK |
||
| 999 |
_c183934 _d183934 |
||